Κατάλογος Βιβλιοθηκών Mediterranean College

Η Αγοραστική Συμπεριφορά του Καταναλωτή / Σημειώσεις (Record no. 5074)

MARC details
000 -LEADER
fixed length control field 01638cam a22001934a 4500
005 - ΗΜΕΡΟΜΗΝΙΑ ΚΑΙ ΩΡΑ ΤΕΛΕΥΤΑΙΑΣ ΕΝΗΜΕΡΩΣΗΣ
Πεδίο ελέγχου 20250605164203.0
008 - FIXED-LENGTH DATA ELEMENTS--GENERAL INFORMATION
Πεδίο ελέγχου σταθερού μήκους 250528s ||||||||||||||||||||||||d
035 ## - SYSTEM CONTROL NUMBER
System control number 19827
040 ## - ΠΗΓΗ ΚΑΤΑΛΟΓΟΓΡΑΦΗΣΗΣ
Φορέας πρωτότυπης καταλογογράφησης MC Athens Campus Library
Γλώσσα καταλογογράφησης Ελληνικά, Μοντέρνα (1453-)
Modifying agency MC Athens Campus Library
Κανόνες περιγραφικής καταλογογράφησης AACR2
245 1# - ΤΙΤΛΟΣ ΚΑΙ ΔΗΛΩΣΗ ΥΠΕΥΘΥΝΟΤΗΤΑΣ
Τίτλος Η Αγοραστική Συμπεριφορά του Καταναλωτή / Σημειώσεις
260 ## - PUBLICATION, DISTRIBUTION, ETC.
Date of publication, distribution, etc. 1991
300 ## - PHYSICAL DESCRIPTION
Extent 110
505 0# - FORMATTED CONTENTS NOTE
Formatted contents note Βασικές Έννοιες της Αγοραστικής Συμπεριφοράς του Καταναλωτή, Προσδιοριστικοί Παράγοντες της Αγοραστικής Συμπεριφοράς του Καταναλωτή, Κατηγορίες Αγοραστικών Αποφάσεων του Καταναλωτή, Διαφήμιση και Αγοραστική Συμπεριφορά του Καταναλωτή, Αξιολόγηση του Προιόντος από Μέρους του Καταναλωτή, Αναφορές.
520 ## - SUMMARY, ETC.
Summary, etc. Βασικές Έννοιες της Αγοραστικής Συμπεριφοράς του Καταναλωτή, Προσδιοριστικοί Παράγοντες της Αγοραστικής Συμπεριφοράς του Καταναλωτή, Κατηγορίες Αγοραστικών Αποφάσεων του Καταναλωτή, Διαφήμιση και Αγοραστική Συμπεριφορά του Καταναλωτή, Αξιολόγηση του Προιόντος από Μέρους του Καταναλωτή, Αναφορές.
700 1# - ΠΡΟΣΘΕΤΗ ΑΝΑΓΡΑΦΗ--ΦΥΣΙΚΟ ΠΡΟΣΩΠΟ
Personal name Παπαβασιλειος Νικόλαος Κ
9 (RLIN) 5998
942 ## - ADDED ENTRY ELEMENTS (KOHA)
Koha item type Books
Holdings
Τύπος τεκμηρίου Βιβλιοθήκη Τρέχουσα τοποθεσία Barcode Αριθμός εισαγωγής Ημερομηνία απόκτησης Ταξιθετικό σύμβολο Αριθμός αντιτύπου Κατάσταση απόσυρσης Κατάσταση χαμένου Κατάσταση κατεστραμμένου Μη δανεισμός Σύνολο δανεισμών Ημερομηνία τελευταίας εμφάνισης Η τιμή ισχύει από
Books MC Athens Campus Library MC Athens Campus Library 9780000050731 5925 05/06/2025 658.8342 PAP 1           05/06/2025 05/06/2025

MC Athens Campus Library
Πατησίων 94 & Κοδριγκτώνος 13, 104 34
Πελλήνης 8 & Πατησίων 107, 112 51
Τ: +30 210 8899600

MC Thessaloniki Campus Library
Ίωνος Δραγούμη 21, 54625 | Ίωνος Δραγούμη 15, 54625
Τ: +30 2310 287779 – Τ: +30 2314 440300